00559nam a2200169 a 450000100100000000500170001000800410002704000250006808200160009311000280010924000180013724500280015525000160018326000640019930000200026350001060028300003269520200930065800.0090729 1918 dr 00 0 spa d aDO-SdBNPbspacBNPHU axxxxbR426l1 aRepública Dominicana.10a[Leyes, etc.]10aLey de rentas internas. aed. oficial aSanto Domingo :bImp. y Linotipo J. R. Vda. Gacía,c1918. a50 p. ;c27 cm. aOrden ejecutiva No. 197. agosto 19, 1918. publicada en la gaceta Oficial No. 2939-B setiempre 4, 1918